000 01325cab a2200265 4500
001 ABS67651
008 040402n2004 000 0 eng u
035 _a(Sirsi) u125737
100 _aSmulian, M.
245 _aCommunity involvement
260 _c2004
490 _aPlanning (for the Natural and Built Environment)
_v(1562) 26 March 2004, 14-16(3)
520 _aWith greater emphasis on community involvement in the planning process "Help at hand to public's patronage" highlights opportunities for public relation firms and planning consultants in an advisory role. "Time for listening to local people" analyses the implications of draft Planning Policy Statement 1 (PPS1) which sets out the key principles for community consultation. "How to survive consultation" describes how Ipswich, one of the first planning authorities to try out the procedures proposed in the Planning and Compulsory Purchase Bill, consulted with the local community on the Suffolk Structure Plan.
590 _aABS
650 _aCOMMUNITY INVOLVEMENT
650 _aCONSULTATION
650 _aPLANNING AND COMPULSORY PURCHASE ACT 2004
650 _aLOCAL PLAN
650 _aPLANNING POLICY STATEMENT ONE
650 _aPLANNING CONSULTANTS
650 _aLOBBYING
690 _aPLANNING
700 _aShillam, W.
942 _n0
999 _c74355
_d74355